|
|
|
|
| LEADER |
01096pam a22002538a 4500 |
| 001 |
00041716 |
| 005 |
20180620100600.0 |
| 008 |
171005s2017 ||||||Viesd |
| 041 |
0 |
# |
|a Vie
|
| 082 |
1 |
4 |
|a 333.002 85
|b B103GI
|
| 100 |
1 |
# |
|a La, Văn Hùng Minh
|e Biên soạn
|
| 245 |
0 |
0 |
|b Mã môn học: RE4134. Ngành Quản lý đất đai. Lưu hành nội bộ
|a Bài giảng quản lý thông tin đất đai (LIS/LIM)
|c La Văn Hùng Minh, Ngô Thạch Thảo Ly (b.s)
|
| 260 |
# |
# |
|a Đồng Tháp
|c 2018
|
| 300 |
# |
# |
|a 138 tr.
|c 28 cm.
|
| 500 |
# |
# |
|a ĐTTS ghi: Bộ Giáo dục và Đào tạo. Trường Đại học Đồng Tháp
|
| 653 |
# |
# |
|a Bài giảng
|
| 653 |
# |
# |
|a Đất đai
|
| 653 |
# |
# |
|a Quản lý
|
| 653 |
# |
# |
|a Dữ liệu bản đồ
|
| 653 |
# |
# |
|a Hệ thống thông tin
|
| 700 |
1 |
# |
|a Ngô, Thạch Thảo Ly
|e Biên soạn
|
| 852 |
# |
# |
|j KGT.0054008
|j KGT.0054005
|j KD.0023838
|j KGT.0054007
|j KGT.0054004
|j KGT.0054006
|
| 910 |
|
|
|d 20/06/2018
|
| 980 |
# |
# |
|a Trung tâm Học liệu Lê Vũ Hùng, Trường Đại học Đồng Tháp
|